| 000 -LEADER | |
|---|---|
| fixed length control field | 00439nam a22001697a 4500 |
| 005 - DATE AND TIME OF LATEST TRANSACTION | |
| control field | 20240108131932.0 |
| 008 - FIXED-LENGTH DATA ELEMENTS--GENERAL INFORMATION | |
| fixed length control field | 190527b xxu||||| |||| 00| 0 eng d |
| 020 ## - INTERNATIONAL STANDARD BOOK NUMBER | |
| ISBN | 978-81-85790-20-6 |
| 041 ## - LANGUAGE CODE | |
| Language code of text/sound track or separate title | eng |
| 100 ## - MAIN ENTRY--AUTHOR NAME | |
| Personal name | KASTURE,DR.A.V,AND WADOKDKAR,DR. S.G |
| 245 ## - TITLE STATEMENT | |
| Title | PHARMACEUTICAL CHEMISTRY-II |
| 250 ## - EDITION STATEMENT | |
| Edition statement | 21ST , ED. 2019 |
| 260 ## - PUBLICATION, DISTRIBUTION, ETC. (IMPRINT) | |
| Place of publication | PUNE |
| Name of publisher | NIRALI PRAKASHAN |
| 300 ## - PHYSICAL DESCRIPTION | |
| Number of Pages | 373p, |
| 650 ## - SUBJECT ADDED ENTRY--TOPICAL TERM | |
| Topical Term | PHARMACY |
| General subdivision | B.PHARMA |
| 942 ## - ADDED ENTRY ELEMENTS (KOHA) | |
| Koha item type | Books |
| Lost status | Damaged status | Collection code | Home library | Current library | Shelving location | Date acquired | Source of acquisition | Cost, normal purchase price | Full call number | Accession Number | Koha item type |
|---|---|---|---|---|---|---|---|---|---|---|---|
| PHARMACY | JRU Library | JRU Library | SHELF-18-D | 27/05/2019 | PURCHESS | 160.00 | 615.19 | 22736 | Books | ||
| PHARMACY | JRU Library | JRU Library | SHELF-18-D | 27/05/2019 | PURCHESS | 160.00 | 615.19 | 22737 | Books | ||
| Reference | JRU Library | JRU Library | SHELF - 10 - B | 27/05/2019 | PURCHESS | 160.00 | 22738 | Books |